| 000 | 01719nam a2200421 i 4500 | ||
|---|---|---|---|
| 001 | 10817971 | ||
| 003 | EG-ScBUE | ||
| 005 | 20250521084903.0 | ||
| 008 | 980115r20081986enka f b 001 0 eng d | ||
| 020 | _a9780750626330 | ||
| 040 |
_aEG-ScBUE _beng _erda _dEG-ScBUE _cEG-ScBUE |
||
| 041 | 1 |
_aeng _hrus |
|
| 082 | 0 | 4 |
_a531.382 _bLAN _222 |
| 100 | 1 |
_aLandau, L. D. _q(Lev Davidovich), _d1908-1968, _eauthor. _938480 |
|
| 240 | 1 | 0 |
_aTeorii︠a︡ uprugosti. _lEnglish |
| 245 | 1 | 0 |
_aTheory of elasticity / _cby L. D. Landau, E. M. Lifshitz, Institute of Physical Problems, U.S.S.R., Academy of Sciences ; revised by A. M. Kosevich, and L. P. Pitaevskii ; translated from the Russian by J. B. Sykes and W. H. Reid. |
| 250 | _aThird English edition. | ||
| 250 | _aRevised and enlarged edition. | ||
| 250 | _aReprinted edition. | ||
| 264 | 1 |
_aOxford : _bButterworth-Heinemann/Elsevier, _c2008. |
|
| 300 |
_aviii, 187 pages : _billustrations ; _c24 cm. |
||
| 336 |
_2rdacontent _atext _btxt |
||
| 337 |
_aunmediated _2rdamedia _bn |
||
| 338 |
_avolume _bnc _2rdacarrier |
||
| 490 | 0 |
_aCourse of theoretical physics ; _vvolume 7 |
|
| 504 | _aIncludes bibliographical references and index. | ||
| 546 | _aText in English ; translated from the original Russian language. | ||
| 650 | 7 |
_aElasticity. _2BUEsh _918407 |
|
| 650 | 7 |
_aElastic solids. _2BUEsh |
|
| 653 |
_bENGGEN _cOctober2015 |
||
| 655 | _vReading book | ||
| 700 | 1 |
_aLifshit︠s︡, E. M. _q(Evgeniĭ Mikhaĭlovich), _eauthor, _ereviewer. _938483 |
|
| 700 | 1 |
_aSykes, J. B., _etranslator. |
|
| 700 | 1 |
_aReid, W. H., _etranslator. |
|
| 700 | 1 |
_aKosevich, A. M., _ereviewer. |
|
| 700 | 1 |
_aPitaevskiĭ, L. P. _q(Lev Petrovich), _ereviewer. |
|
| 942 |
_2ddc _cBB |
||
| 999 |
_c20908 _d20880 |
||